Statistics for Peru Country Quiz

Click here to take the quiz!

General Stats

  • This quiz has been taken 15,409 times
    (9,429 since last reset)
  • The average score is 12 of 20

Answer Stats

Clue Answer % Correct
Capital of PeruLima
99%
Most-spoken languageSpanish
97%
Empire that ruled Peru at the time
of the Spanish conquest
Inca Empire
93%
Ancient city that is Peru's most
popular tourist attraction
Machu Picchu
93%
Mountain range that runs
through Peru
Andes
92%
Smaller version of a llamaAlpaca or Vicuña
85%
High altitude lake shared
with Bolivia
Lake Titicaca
72%
Seed, starting with Q, that grows in
highland areas and is a trendy
health food worldwide
Quinoa
71%
Capital city of the aboveCuzco
61%
Conquistador who conquered
that empire
Francisco Pizarro
57%
Most-spoken indigenous language
(Hint: starts with Q)
Quechua
56%
Fertilizer that was once plentiful
on the Chincha Islands
Guano
48%
Animal known as "cuy" when it
is eaten as food
Guinea Pig
47%
Dish made of raw fish marinated
in citrus
Ceviche
44%
Maoist guerrillas who terrorized
the country in the 1980s
{Shining} Path
34%
National cocktail{Pisco} Sour
33%
Plateau region of the above shared
by Peru and Bolivia
Alti{plano}
31%
Currency of PeruSol
30%
Former President who rid the country
of the above, but was convicted of
human rights abuses and fled to Japan
Alberto Fujimori
28%
Second and third largest cities
(name either)
Trujillo / Arequipa
27%

Score Distribution

Percentile by Number Answered

Percent of People with Each Score

Your Score History

You have not taken this quiz since the last reset